000 01201nas1a2200277 4500
001 RU\NLR\BIBL_A\010704077
005 20250807185524.0
035 _a(NLR Aleph) 010704077
090 _a1344
_c1344
100 _a20150319d1943 u y0rusy50 ca
101 0 _arus
102 _aRU
105 _ay z 000yy
110 _acyy
200 1 _aЗа победу в соревновании
_eоднодневная газета Октябрьского РК ВКП (б) и исполкома районного Совета депутатов трудящихся
210 _aЛенинград
_d1943
_dиюль
852 _aNLR
_jОдн1943/20
942 _cNEWSPAPER
945 _aРоссийская национальная библиотека
980 _aNB
980 _aBV
981 3 7 _a(37) Ленинград в Великой Отечественной войне
_b(37) Газеты блокадного Ленинграда
981 2 7 _a(27) Периодические издания
_b(27) Пульс города на Неве
981 2 7 _a(27) Периодические издания
_b(27) Газеты